La orilla opuesta / (Record no. 147747)

MARC details
000 -LEADER
campo de control de longitud fija 00668nam a2200205 i 4500
001 - NÚMERO DE CONTROL
campo de control 147747
003 - IDENTIFICADOR DE NÚMERO DE CONTROL
campo de control ES-MaACL
007 - CAMPO FIJO DE DESCRIPCIÓN FÍSICA--INFORMACIÓN GENERAL
campo de control de longitud fija t|
008 - DATOS DE LONGITUD FIJA--INFORMACIÓN GENERAL
campo de control de longitud fija 071005s1972 sp ||||1| spa d
080 ## - NÚMERO DE LA CLASIFICACIÓN DECIMAL UNIVERSAL
Número de la Clasificación Decimal Universal 860-992"19"
080 ## - NÚMERO DE LA CLASIFICACIÓN DECIMAL UNIVERSAL
Número de la Clasificación Decimal Universal 799.2(6)(0:860-3)
100 1# - ENTRADA PRINCIPAL--NOMBRE DE PERSONA
Nombre de persona Urquijo, Alfonso de.
9 (RLIN) 112204
245 13 - MENCIÓN DEL TÍTULO
Título La orilla opuesta /
Mención de responsabilidad, etc. Alfonso de Urquijo ; ilustraciones de Javier Sánchez Cuenca y cartografía: Carlos Calvo.
260 ## - PUBLICACIÓN, DISTRIBUCIÓN, ETC.
Lugar de publicación, distribución, etc. Barcelona, etc. :
Nombre del editor, distribuidor, etc. Labor,
Fecha de publicación, distribución, etc. [1972]
300 ## - DESCRIPCIÓN FÍSICA
Extensión 183 p. :
Otras características físicas il. ;
Dimensiones 25 cm.
700 1# - ENTRADA AGREGADA--NOMBRE PERSONAL
Nombre de persona Sánchez Cuenca, Javier.
9 (RLIN) 102563
700 1# - ENTRADA AGREGADA--NOMBRE PERSONAL
Nombre de persona Calvo, Carlos.
9 (RLIN) 33834
852 ## - LOCALIZACIÓN
Ubicación ES-MaACL
Número de control de estantería E-9690
Sublocalización o colección R.94338
852 ## - LOCALIZACIÓN
Ubicación ES-MaACL
Número de control de estantería E-9691
Sublocalización o colección R.94339
Holdings
Estatus retirado Estado de pérdida Estado de daño No para préstamo Biblioteca de origen Biblioteca actual Ubicación en estantería Fecha de adquisición Fuente de adquisición Total de préstamos Signatura topográfica completa Código de barras Visto por última vez Precio de reemplazo Tipo de ítem Koha
        Biblioteca del Ateneo de Madrid Biblioteca del Ateneo de Madrid Depósito 2 17/01/2008     E-9691 1154189 23/02/2023 23/02/2023 Libro impreso
        Biblioteca del Ateneo de Madrid Biblioteca del Ateneo de Madrid Depósito 2 17/01/2008     E-9690 1154188 23/02/2023 23/02/2023 Libro impreso